Služby zdieľanej ekonomiky, ich zdaňovanie a vykazovanie poskytovateľmi
Internet a prudko sa rozvíjajúce informačné technológie prinášajú nové spôsoby podnikania a dosahovania príjmov. Mnohé sú navyše dostupné nielen pre veľké firmy, ale i pre začínajúcich podnikateľov, drobných profesionálov na voľnej nohe či občanov. V praxi na rozbehnutie zárobkových aktivít často st...
Gespeichert in:
| 1. Verfasser: | |
|---|---|
| Format: | Buchkapitel |
| Sprache: | Slowakisch |
| Schlagworte: | |
| Tags: |
Keine Tags, Fügen Sie das erste Tag hinzu!
|
MARC
| LEADER | 00000naa a2200000 4500 | ||
|---|---|---|---|
| 001 | 0223498 | ||
| 005 | 20231208091614.9 | ||
| 041 | 0 | |a slo | |
| 044 | |a SK | ||
| 245 | 1 | 0 | |a Služby zdieľanej ekonomiky, ich zdaňovanie a vykazovanie poskytovateľmi |c Peter Furmaník |
| 520 | |a Internet a prudko sa rozvíjajúce informačné technológie prinášajú nové spôsoby podnikania a dosahovania príjmov. Mnohé sú navyše dostupné nielen pre veľké firmy, ale i pre začínajúcich podnikateľov, drobných profesionálov na voľnej nohe či občanov. V praxi na rozbehnutie zárobkových aktivít často stačí len pripojenie k internetu či mobilná aplikácia. Ilustračné príklady. | ||
| 610 | 2 | 0 | |a dane z príjmov |
| 610 | 2 | 0 | |a prostredie podnikateľské |
| 610 | 2 | 0 | |a služby |
| 610 | 2 | 0 | |a technológie informačné |
| 610 | 2 | 0 | |a technológie komunikačné |
| 610 | 2 | 0 | |a systémy informačné |
| 100 | 1 | |a Furmaník, Peter | |